| 000 | 00786cam a2200217 a 4500 | ||
|---|---|---|---|
| 005 | 20170220123641.0 | ||
| 008 | 030219s1992 sp ab 000 0 spa u | ||
| 050 | 0 | 4 |
_aE111 _bL47 1992 |
| 100 | 1 |
_aLequenne, Michel, _d[1921- ] |
|
| 245 | 1 | 0 |
_aCristóbal Colón : _balmirante de la mar Océana / _cMichel Lequenne. |
| 250 | _a1a ed. | ||
| 260 |
_aMadrid : _bAguilar Universal, _c1992. |
||
| 300 |
_a192 p. : _bil., maps. ; _c18 cm. |
||
| 490 | 0 |
_aAguilar Universal. _aHistoria ; _v29 |
|
| 500 | _aTraducción de: Christophe Colomb : almiral de la mer Océane | ||
| 500 | _aIncluye indice | ||
| 600 | 1 | 7 |
_2LEMB _aColón, Cristóbal, _d[1446?-1506] _xBiografía |
| 651 | 7 |
_2LEMB _aAmérica _xDescubrimiento y exploración |
|
| 700 | 1 |
_aRevuelta, José Manuel, _etr. |
|
| 942 |
_2lcc _cLIB |
||
| 999 |
_c78498 _d78498 |
||